00878nam a2200217 i 450000100060000000300090000600500170001500700030003200800410003510000210007624501930009726000540029030000210034449000550036565000410042065000410046170000180050270000340052083000550055485200510060933733ES-MaACL20230906154818.0t|030203s1911 sp ||||1| spa d1 aOrtner, Norbert.10aAfecciones del aparato circulatorio y de las vías respiratorias /cpor los profesores N. Ortner y Oscar Bruns ; versión española directa del alemán por Laureano Lotero Fernández. aMadrid : bSaturnino Calleja Fernández, c1911. a69 p. ; c24 cm.1 aAnuario de ciencias médicas. Segunda serie ; v204aAparato circulatorio-xEnfermedades. 4aAparato respiratorio-xEnfermedades.0 aBruns, Oscar.1 aLotero Fernández, Laureano.0 aAnuario de ciencias médicas. Segunda serie ; v2 aES-MaACLjB-11065(2) z.- Enc. con otras obras